Case notes (Record no. 109966)

MARC details
000 -LEADER
fixed length control field 01385cad a22002295a 4500
001 - CONTROL NUMBER
control field E148232
008 - FIXED-LENGTH DATA ELEMENTS--GENERAL INFORMATION
fixed length control field 090821s2009 xxkao f 000 0 eng d
035 ## - SYSTEM CONTROL NUMBER
System control number (Sirsi) u148232
041 0# - LANGUAGE CODE
Language code of text/sound track or separate title eng
050 04 - LIBRARY OF CONGRESS CALL NUMBER
Classification number 333.72 $2 18
110 2# - MAIN ENTRY--CORPORATE NAME
Corporate name or jurisdiction name as entry element Architecture and Design Scotland
9 (RLIN) 5714
245 00 - TITLE STATEMENT
Title Case notes
Remainder of title client leadership
Medium [electronic resource]
260 ## - PUBLICATION, DISTRIBUTION, ETC.
Place of publication, distribution, etc. Edinbugh
Name of publisher, distributor, etc. A+DS
Date of publication, distribution, etc. 2009
505 2# - FORMATTED CONTENTS NOTE
Formatted contents note Introduction -- What is good design? -- Why is good design important? -- How do clients deliver good design? -- Case note 01, John Cole, Health Estates NI -- Case note 02, Sylvie Pierce, Building Better Health -- Case note 03, Malcolm Aiston, Northumberland, Tyne and Wear NHS Trust -- Case note 04, Laura Lee, Maggie's Cancer Caring Centres -- Case note 05, Patricia Pope, Lewisham Primary Care Trust -- Case note 06, Richard Glenn, Alder Hey Children's NHS Foundation Trust -- Case note 07, Tony Curran, NHS Greater Glasgow and Clyde -- Conclusions
520 ## - SUMMARY, ETC.
Summary, etc. Offers guidance and advice to client teams within NHS Scotland on best practice in the design of healthcare buildings. Includes case studies.
521 ## - TARGET AUDIENCE NOTE
Target audience note Advanced
590 ## - LOCAL NOTE (RLIN)
Local note KA
651 #4 - SUBJECT ADDED ENTRY--GEOGRAPHIC NAME
Geographic name Scotland
Chronological subdivision 1999-
690 ## - LOCAL SUBJECT ADDED ENTRY--TOPICAL TERM (OCLC, RLIN)
Topical term or geographic name as entry element PROPERTY-OTHER PROPERTY TYPES-HEALTHCARE AND WELFARE PROPERTY
856 40 - ELECTRONIC LOCATION AND ACCESS
Uniform Resource Identifier <a href="https://www.ads.org.uk/download/4163-case-notes">https://www.ads.org.uk/download/4163-case-notes</a>
Public note View the guide free of charge at www.ads.org.uk...
942 ## - ADDED ENTRY ELEMENTS (KOHA)
Suppress in OPAC 0
Holdings
Withdrawn status Lost status Source of classification or shelving scheme Damaged status Not for loan Home library Current library Shelving location Date acquired Total Checkouts Full call number Barcode Date last seen Copy number Price effective from Koha item type
    Dewey Decimal Classification     Virtual Virtual Online 21/08/2009   ONLINE PUBLICATION 148232-2001 06/08/2019 1 06/08/2019 Book